000 00550nam a22001817a 4500
005 20180813172357.0
010 _aENG-123838
020 _a9788190889247
_c75.00
035 _aEN-107370
037 _bDBAD/PUB
082 _a530
100 _aNarendra K.
245 _aPractical physics for engineers /
_cby K.Narendra
260 _c2009
_aAndhra Pradesh
_bDuvvuri Publication
270 _bAndhra Pradesh
_aM.I.G -143, A.P.H.B. Colony Machilipatnam,
_e521001
300 _a110p.
_c25cm.(pbk)
_bill.
942 _2ddc
_cEN
_h530
_mNAR
999 _c155726
_d155726